000 00277nam a2200121Ia 4500
008 190216s9999||||xx |||||||||||||| ||und||
100 _aJohn Arden
245 0 _aPlay A One
260 _bThe Master Playwrights
_c1977
300 _a351p
650 _aEnglish Drama
942 _cBK
999 _c12806
_d12806